Poesía última
保存先:
| 主要な著者: | , , , , |
|---|---|
| その他の著者: | |
| フォーマット: | 図書 |
| 言語: | スペイン語 |
| 出版事項: |
Madrid
Taurus
1975
|
| 版: | 3a. ed |
| シリーズ: | Temas de España, 23
|
| 主題: | |
| タグ: |
タグ追加
タグなし, このレコードへの初めてのタグを付けませんか!
|
MARC
| LEADER | 00000nam a2200000 a 4500 | ||
|---|---|---|---|
| 001 | UCW0070 | ||
| 003 | CL-VaPUC | ||
| 008 | 880722e19750000SP |||||||||||||||||spa|d | ||
| 082 | 0 | 4 | |a 861 |b CAB |2 21 |
| 100 | 0 | |a Cabañero, Eladio |e author |9 304058 | |
| 700 | |a González Muñiz, Ángel |9 856633 | ||
| 700 | 0 | |a Rodríguez, Claudio |e author |9 304060 | |
| 700 | 0 | |a Sahagun, Carlos |e author |9 304061 | |
| 700 | 0 | |a Valente, José Angel |e author |9 304062 | |
| 700 | 0 | |a Ribes, Francisco |e author |9 304063 | |
| 245 | 1 | 0 | |a Poesía última |
| 250 | |a 3a. ed | ||
| 300 | |a 193 p | ||
| 942 | |c BK | ||
| 945 | |d 19880722 00:00:00 | ||
| 260 | |a Madrid |b Taurus |c 1975 | ||
| 650 | 0 | |a Poesía española |9 264938 | |
| 583 | |a last modification |c 19880722 00:00:00 |k Rodrigo Vera | ||
| 490 | 0 | |a Temas de España, 23 | |
| 999 | |c 215317 |d 215315 | ||
| 952 | |0 0 |1 0 |4 0 |6 861_000000000000000_CAB_1975 |7 0 |8 A |9 199411 |a BIBART |b BIBART |d 2019-11-14 |i 2667185 |o 861 CAB 1975 |p 2667185 |r 2025-03-13 |w 2019-11-14 |y BK |k ART | ||
| 952 | |0 0 |1 0 |4 0 |6 861_000000000000000_CAB_1975 |7 0 |8 A |9 199412 |a BIBEDU |b BIBEDU |d 2019-11-14 |i 1436414 |o 861 CAB 1975 |p 1436414 |r 2019-11-14 |w 2019-11-14 |y BK |k LIT | ||